<?xml version="1.0" encoding="UTF-8"?>
<record
    xmlns:xsi="http://www.w3.org/2001/XMLSchema-instance"
    xsi:schemaLocation="http://www.loc.gov/MARC21/slim http://www.loc.gov/standards/marcxml/schema/MARC21slim.xsd"
    xmlns="http://www.loc.gov/MARC21/slim">

  <leader>03217nam0a22003611  4500</leader>
  <controlfield tag="001">RU\NLR\A1\20308</controlfield>
  <controlfield tag="005">20260508135811.0</controlfield>
  <datafield tag="035" ind1=" " ind2=" ">
    <subfield code="a">(NLR Aleph) 009675767</subfield>
  </datafield>
  <datafield tag="090" ind1=" " ind2=" ">
    <subfield code="a">9681827</subfield>
    <subfield code="c">9681827</subfield>
  </datafield>
  <datafield tag="100" ind1=" " ind2=" ">
    <subfield code="a">19980927d1793    m  y0rusy50      ca</subfield>
  </datafield>
  <datafield tag="101" ind1="0" ind2=" ">
    <subfield code="a">rus</subfield>
  </datafield>
  <datafield tag="102" ind1=" " ind2=" ">
    <subfield code="a">RU</subfield>
  </datafield>
  <datafield tag="140" ind1=" " ind2=" ">
    <subfield code="a">y   y    ga        yaa0000  </subfield>
  </datafield>
  <datafield tag="200" ind1="1" ind2=" ">
    <subfield code="a">&#x41E;&#x43F;&#x438;&#x441;&#x430;&#x43D;&#x438;&#x435; &#x43E;&#x441;&#x442;&#x440;&#x43E;&#x432;&#x430; &#x421;&#x430;&#x43D;&#x43A;&#x442;-&#x414;&#x43E;&#x43C;&#x438;&#x43D;&#x433;&#x43E;</subfield>
    <subfield code="e">&#x441; &#x43F;&#x43E;&#x43A;&#x430;&#x437;&#x430;&#x43D;&#x438;&#x435;&#x43C; &#x43F;&#x440;&#x435;&#x436;&#x434;&#x435;&#x431;&#x44B;&#x432;&#x448;&#x438;&#x445; &#x43D;&#x430; &#x43E;&#x43D;&#x43E;&#x43C; &#x43A;&#x43E;&#x440;&#x435;&#x43D;&#x43D;&#x44B;&#x445; &#x434;&#x438;&#x43A;&#x438;&#x445; &#x436;&#x438;&#x442;&#x435;&#x43B;&#x435;&#x439;, &#x438;&#x445; &#x43D;&#x440;&#x430;&#x432;&#x43E;&#x432;, &#x43E;&#x431;&#x44B;&#x447;&#x430;&#x435;&#x432; &#x438; &#x43E;&#x434;&#x435;&#x436;&#x434;, &#x442;&#x430;&#x43A;&#x43E;&#x436;&#x434;&#x435; &#x43F;&#x43E;&#x441;&#x435;&#x43B;&#x438;&#x432;&#x448;&#x438;&#x445;&#x441;&#x44F; &#x43D;&#x430; &#x441;&#x435;&#x43C; &#x43E;&#x441;&#x442;&#x440;&#x43E;&#x432;&#x435; &#x435;&#x432;&#x440;&#x43E;&#x43F;&#x435;&#x439;&#x446;&#x43E;&#x432;; &#x43D;&#x430;&#x447;&#x430;&#x442;&#x438;&#x44F; &#x441;&#x435;&#x433;&#x43E; &#x441;&#x435;&#x43B;&#x435;&#x43D;&#x438;&#x44F; &#x438; &#x440;&#x430;&#x437;&#x43D;&#x44B;&#x445; &#x441; &#x43E;&#x43D;&#x44B;&#x43C; &#x43F;&#x440;&#x438;&#x43A;&#x43B;&#x44E;&#x447;&#x438;&#x432;&#x448;&#x438;&#x445;&#x441;&#x44F; &#x43F;&#x435;&#x440;&#x435;&#x43C;&#x435;&#x43D;; &#x43E; &#x441;&#x43E;&#x441;&#x442;&#x43E;&#x44F;&#x43D;&#x438;&#x438; &#x441;&#x430;&#x445;&#x430;&#x440;&#x43D;&#x44B;&#x445; &#x438; &#x43F;&#x440;&#x43E;&#x447;. &#x442;&#x430;&#x43C;&#x43E;&#x448;&#x43D;&#x438;&#x445; &#x437;&#x430;&#x432;&#x43E;&#x434;&#x43E;&#x432; &#x438; &#x442;&#x43E;&#x440;&#x433;&#x43E;&#x432;&#x43B;&#x438;, &#x43E; &#x43F;&#x440;&#x43E;&#x438;&#x437;&#x440;&#x430;&#x441;&#x442;&#x435;&#x43D;&#x438;&#x44F;&#x445;, &#x43E; &#x43F;&#x43E;&#x43A;&#x443;&#x43F;&#x43A;&#x435; &#x438; &#x441;&#x43E;&#x434;&#x435;&#x440;&#x436;&#x430;&#x43D;&#x438;&#x438; &#x447;&#x435;&#x440;&#x43D;&#x44B;&#x445; &#x43D;&#x435;&#x432;&#x43E;&#x43B;&#x44C;&#x43D;&#x438;&#x43A;&#x43E;&#x432;, &#x438; &#x432;&#x441;&#x435;&#x445; &#x43F;&#x440;&#x43E;&#x447;&#x438;&#x445; &#x434;&#x43E;&#x441;&#x442;&#x43E;&#x43F;&#x430;&#x43C;&#x44F;&#x442;&#x43D;&#x43E;&#x441;&#x442;&#x44F;&#x445;.</subfield>
    <subfield code="e">&#x421;&#x43E;&#x431;&#x440;&#x430;&#x43D;&#x43D;&#x43E;&#x435; &#x434;&#x43B;&#x44F; &#x43B;&#x443;&#x447;&#x448;&#x430;&#x433;&#x43E; &#x438;&#x437;&#x44A;&#x44F;&#x441;&#x43D;&#x435;&#x43D;&#x438;&#x44F; &#x43D;&#x435; &#x434;&#x430;&#x432;&#x43D;&#x43E; &#x441;&#x43B;&#x443;&#x447;&#x438;&#x432;&#x448;&#x438;&#x445;&#x441;&#x44F; &#x43D;&#x430; &#x43E;&#x43D;&#x43E;&#x43C; &#x43E;&#x441;&#x442;&#x440;&#x43E;&#x432;&#x435; &#x43F;&#x440;&#x43E;&#x438;&#x437;&#x448;&#x435;&#x441;&#x442;&#x432;&#x438;&#x439;.</subfield>
  </datafield>
  <datafield tag="210" ind1=" " ind2=" ">
    <subfield code="a">&#x412; &#x41C;&#x43E;&#x441;&#x43A;&#x432;&#x435;</subfield>
    <subfield code="c">&#x432; &#x432;&#x43E;&#x43B;&#x44C;&#x43D;&#x43E;&#x439; &#x442;&#x438;&#x43F;&#x43E;&#x433;&#x440;&#x430;&#x444;&#x438;&#x438; &#x43F;&#x440;&#x438; &#x422;&#x435;&#x430;&#x442;&#x440;&#x435;, &#x443; &#x425;&#x440;&#x438;&#x441;&#x442;&#x43E;&#x444;&#x43E;&#x440;&#x430; &#x41A;&#x43B;&#x430;&#x443;&#x434;&#x438;&#x44F;</subfield>
    <subfield code="d">1793</subfield>
  </datafield>
  <datafield tag="215" ind1=" " ind2=" ">
    <subfield code="a">[2], II, [2], 135, [1] &#x441;., [1] &#x43B;. &#x442;&#x430;&#x431;.</subfield>
    <subfield code="d">16&#xB0;</subfield>
  </datafield>
  <datafield tag="300" ind1=" " ind2=" ">
    <subfield code="a">&#x41E;&#x43F;&#x438;&#x441;&#x430;&#x43D;&#x438;&#x435; &#x43E;&#x441;&#x442;&#x440;&#x43E;&#x432;&#x430; &#x413;&#x430;&#x438;&#x442;&#x438;.</subfield>
  </datafield>
  <datafield tag="316" ind1=" " ind2=" ">
    <subfield code="a">&#x42D;&#x43A;&#x437;. &#x420;&#x41D;&#x411; (18.38.7.56) &#x432; &#x441;&#x43E;&#x441;&#x442;. &#x43A;&#x430;&#x440;&#x442;&#x43E;&#x43D;. &#x43F;&#x435;&#x440;., &#x43E;&#x431;&#x442;&#x44F;&#x43D;&#x443;&#x442;&#x43E;&#x43C; &#x437;&#x435;&#x43B;&#x435;&#x43D;&#x43E;&#x432;&#x430;&#x442;&#x43E;&#x439; &#x431;&#x443;&#x43C;&#x430;&#x433;&#x43E;&#x439;, &#x441; &#x43B;&#x435;&#x434;&#x435;&#x440;&#x438;&#x43D;&#x43E;&#x432;&#x44B;&#x43C;&#x438; &#x43A;&#x43E;&#x440;&#x438;&#x447;&#x43D;&#x435;&#x432;&#x44B;&#x43C;&#x438; &#x43A;&#x43E;&#x440;&#x435;&#x448;&#x43A;&#x43E;&#x43C; &#x438; &#x443;&#x433;&#x43E;&#x43B;&#x43A;&#x430;&#x43C;&#x438;. &#x41D;&#x430; &#x43D;&#x438;&#x436;&#x43D;&#x435;&#x439; &#x43A;&#x440;&#x44B;&#x448;&#x43A;&#x435; &#x43F;&#x435;&#x440;. &#x44D;&#x43A;&#x441;&#x43B;&#x438;&#x431;&#x440;&#x438;&#x441; &#x440;&#x443;&#x441;. &#x444;&#x43E;&#x43D;&#x434;&#x430; &#x413;&#x41F;&#x411; &#x441; &#x448;&#x438;&#x444;&#x440;&#x43E;&#x43C;. &#x41A;&#x43E;&#x440;&#x435;&#x448;&#x43E;&#x43A; &#x433;&#x43B;&#x430;&#x434;&#x43A;&#x438;&#x439;. &#x41D;&#x430; &#x442;&#x438;&#x442;. &#x43B;. &#x43A;&#x440;&#x443;&#x433;&#x43B;&#x44B;&#x439; &#x448;&#x442;&#x430;&#x43C;&#x43F; "&#x413;&#x43E;&#x441;&#x443;&#x434;. &#x41F;&#x443;&#x431;&#x43B;&#x438;&#x447;&#x43D;. &#x431;&#x438;&#x431;&#x43B;&#x438;&#x43E;&#x442;&#x435;&#x43A;&#x430; &#x414;&#x443;&#x431;&#x43B;&#x435;&#x442;". &#x422;&#x438;&#x442;. &#x43B;. &#x43F;&#x43E;&#x434;&#x43A;&#x43B;&#x435;&#x435;&#x43D;. &#x41D;&#x430; &#x43E;&#x431;&#x43E;&#x440;&#x43E;&#x442;&#x435; &#x442;&#x438;&#x442;. &#x43B;. &#x438; &#x441;.33 &#x43A;&#x440;&#x443;&#x433;&#x43B;&#x44B;&#x439; &#x448;&#x442;&#x430;&#x43C;&#x43F; &#x413;&#x41F;&#x411;. &#x41D;&#x430; &#x441;.135 &#x438; [1] 3-&#x433;&#x43E; &#x440;&#x44F;&#x434;&#x430; &#x442;&#x435;&#x445;&#x43D;. &#x43F;&#x43E;&#x43C;&#x435;&#x442;&#x430;.</subfield>
    <subfield code="5">NLR: 18.38.7.56</subfield>
  </datafield>
  <datafield tag="316" ind1=" " ind2=" ">
    <subfield code="a">&#x42D;&#x43A;&#x437;. &#x420;&#x41D;&#x411; (137/938) &#x432; &#x43A;&#x430;&#x440;&#x442;&#x43E;&#x43D;. &#x43F;&#x435;&#x440;., &#x43E;&#x431;&#x442;&#x44F;&#x43D;&#x443;&#x442;&#x43E;&#x43C; &#x43C;&#x440;&#x430;&#x43C;&#x43E;&#x440;&#x43D;&#x43E;&#x439; &#x431;&#x443;&#x43C;&#x430;&#x433;&#x43E;&#x439;. &#x41D;&#x430; &#x43D;&#x438;&#x436;&#x43D;&#x435;&#x439; &#x43A;&#x440;&#x44B;&#x448;&#x43A;&#x435; &#x43F;&#x435;&#x440;. &#x44F;&#x440;&#x43B;&#x44B;&#x43A; &#x441; &#x448;&#x438;&#x444;&#x440;&#x43E;&#x43C; &#x420;&#x41D;&#x411;. &#x41A;&#x43E;&#x440;&#x435;&#x448;&#x43E;&#x43A; &#x433;&#x43B;&#x430;&#x434;&#x43A;&#x438;&#x439;. &#x411;&#x443;&#x43C;&#x430;&#x436;. &#x43F;&#x43E;&#x43A;&#x440;&#x44B;&#x442;&#x438;&#x435; &#x43D;&#x430; &#x43A;&#x43E;&#x440;&#x435;&#x448;&#x43A;&#x435; &#x447;&#x430;&#x441;&#x442;&#x438;&#x447;&#x43D;&#x43E; &#x443;&#x442;&#x440;&#x430;&#x447;&#x435;&#x43D;&#x43E;. &#x41D;&#x430; &#x444;&#x43E;&#x440;&#x437;&#x430;&#x446;&#x435; &#x44F;&#x440;&#x43B;&#x44B;&#x43A; &#x441; &#x448;&#x438;&#x444;&#x440;&#x43E;&#x43C; &#x420;&#x41D;&#x411; &#x438; &#x44F;&#x440;&#x43B;&#x44B;&#x43A; &#x441;&#x43E; &#x441;&#x442;&#x430;&#x440;&#x44B;&#x43C; &#x448;&#x438;&#x444;&#x440;&#x43E;&#x43C;.</subfield>
    <subfield code="5">NLR: 137/938</subfield>
  </datafield>
  <datafield tag="321" ind1="1" ind2=" ">
    <subfield code="a">&#x421;&#x41A; XVIII 4966</subfield>
  </datafield>
  <datafield tag="327" ind1="0" ind2=" ">
    <subfield code="a">&#x41D;&#x430; &#x432;&#x43A;&#x43B;&#x430;&#x434;&#x43D;&#x43E;&#x439; &#x442;&#x430;&#x431;&#x43B;. &#x43F;&#x440;&#x438;&#x432;&#x43E;&#x434;&#x438;&#x442;&#x441;&#x44F; "&#x41E;&#x431;&#x43E;&#x437;&#x440;&#x435;&#x43D;&#x438;&#x435; &#x43F;&#x440;&#x43E;&#x438;&#x437;&#x432;&#x435;&#x434;&#x435;&#x43D;&#x438;&#x439; &#x43E;&#x441;&#x442;&#x440;&#x43E;&#x432;&#x430; &#x421;.&#x414;&#x43E;&#x43C;&#x438;&#x43D;&#x433;&#x43E; 1788 &#x433;&#x43E;&#x434;&#x430;"</subfield>
  </datafield>
  <datafield tag="620" ind1=" " ind2=" ">
    <subfield code="d">&#x41C;&#x43E;&#x441;&#x43A;&#x432;&#x430;</subfield>
  </datafield>
  <datafield tag="702" ind1=" " ind2="1">
    <subfield code="4">610</subfield>
    <subfield code="7">ca</subfield>
    <subfield code="8">rus</subfield>
    <subfield code="a">&#x41A;&#x43B;&#x430;&#x443;&#x434;&#x438;&#x439;</subfield>
    <subfield code="b">&#x425;.&#x410;.</subfield>
    <subfield code="f">-1805</subfield>
    <subfield code="g">&#x425;&#x440;&#x438;&#x441;&#x442;&#x43E;&#x444;&#x43E;&#x440; &#x410;&#x43B;&#x435;&#x43A;&#x441;&#x430;&#x43D;&#x434;&#x440;&#x43E;&#x432;&#x438;&#x447;</subfield>
    <subfield code="9">232381</subfield>
    <subfield code="3">RU\NLR\AUTH\770232437</subfield>
  </datafield>
  <datafield tag="712" ind1="0" ind2="0">
    <subfield code="4">610</subfield>
    <subfield code="a">&#x41A;&#x43B;&#x430;&#x443;&#x434;&#x438;&#x439;,</subfield>
    <subfield code="c">&#x41C;&#x43E;&#x441;&#x43A;&#x432;&#x430;</subfield>
    <subfield code="g">&#x425;. &#x410;.,</subfield>
    <subfield code="h">&#x442;&#x438;&#x43F;&#x43E;&#x433;&#x440;&#x430;&#x444;&#x438;&#x44F; &#x43F;&#x440;&#x438; &#x422;&#x435;&#x430;&#x442;&#x440;&#x435;</subfield>
    <subfield code="9">515361</subfield>
    <subfield code="3">RU\NLR\AUTH\880425419</subfield>
  </datafield>
  <datafield tag="801" ind1=" " ind2="0">
    <subfield code="a">RU</subfield>
    <subfield code="b">NLR</subfield>
    <subfield code="c">19980927</subfield>
  </datafield>
  <datafield tag="852" ind1=" " ind2=" ">
    <subfield code="a">NLR</subfield>
    <subfield code="j">18.38.7.56</subfield>
  </datafield>
  <datafield tag="852" ind1=" " ind2=" ">
    <subfield code="a">NLR</subfield>
    <subfield code="j">137/938</subfield>
  </datafield>
  <datafield tag="899" ind1=" " ind2=" ">
    <subfield code="a">&#x420;&#x413;&#x411;</subfield>
  </datafield>
  <datafield tag="899" ind1=" " ind2=" ">
    <subfield code="a">&#x411;&#x410;&#x41D;</subfield>
  </datafield>
  <datafield tag="942" ind1=" " ind2=" ">
    <subfield code="c">BOOK</subfield>
  </datafield>
  <datafield tag="980" ind1=" " ind2=" ">
    <subfield code="a">NB</subfield>
  </datafield>
  <datafield tag="980" ind1=" " ind2=" ">
    <subfield code="a">A1XVIIIv</subfield>
  </datafield>
  <datafield tag="995" ind1=" " ind2=" ">
    <subfield code="5">2016-05-13</subfield>
    <subfield code="b">NLR02</subfield>
    <subfield code="c">NLR02</subfield>
    <subfield code="e">RFS</subfield>
    <subfield code="f">9675767-10</subfield>
    <subfield code="k">18.38.7.56</subfield>
    <subfield code="o">0</subfield>
    <subfield code="r">BOOK</subfield>
    <subfield code="s">1838756_</subfield>
  </datafield>
</record>
